[Event "Ports Lge"]
[Site "?"]
[Date "1976.??.??"]
[Round "?"]
[White "Brameld, Arthur F"]
[Black "Lambert, Glen"]
[Result "0-1"]
[WhiteElo "2140"]
[BlackElo "2240"]
[PlyCount "60"]
[EventDate "1976.??.??"]
[EventType "simul"]
[EventRounds "10"]

1. e4 d6 2. d4 Nf6 3. Nc3 g6 4. f4 Bg7 5. Bd3 Nc6 6. Nf3 O-O 7. O-O Bg4 8. e5 Nd7 9. Be3 f6 10. e6 Nb6 11. f5 gxf5 12. h3 Bh5 13. Bxf5 Nc4 14. Bf4 Nxb2 15. Qd2 d5 16. Rab1 Nc4 17. Qd3 Kh8 18. g4 N4e5 19. dxe5 fxe5 20. Ng5 exf4 21. Bxh7 Ne5 22. Qxd5 Bf6 23. gxh5 Qxd5 24. Nxd5 Bxg5 25. Be4 c6 26. Nc3 b6 27. Rbd1 Rad8 28. Rxd8 Rxd8 29. Rf2 Rd4 30. Kg2 Rc4 0-1

[Event "BrChQual"]
[Site "?"]
[Date "1976.??.??"]
[Round "?"]
[White "Brameld, Arthur F"]
[Black "Kelly, I."]
[Result "1/2-1/2"]
[WhiteElo "2140"]
[BlackElo "1990"]
[PlyCount "82"]
[EventDate "1976.??.??"]
[EventType "simul"]
[EventRounds "9"]

1. e4 d6 2. d4 Nf6 3. Nc3 g6 4. f4 Bg7 5. Bd3 O-O 6. Nf3 c5 7. dxc5 dxc5 8. e5 Nd5 9. Nxd5 Qxd5 10. Qe2 Nc6 11. Be4 Qd8 12. Be3 Qc7 13. O-O b6 14. Rad1 Bg4 15. Qb5 Rac8 16. Rd2 Bxf3 17. Bxf3 Nd4 18. Bxd4 cxd4 19. Rxd4 Qxc2 20. Be4 Qc5 21. Qxc5 Rxc5 22. Rd7 Ra5 23. a3 e6 24. Rf3 Rc8 25. b4 Ra4 26. Rd2 Rc1+ 27. Kf2 Ra1 28. Rdd3 b5 29. Bc6 Ra6 30. Bxb5 Rb6 31. Ba4 Bf8 32. Bc2 Ra2 33. Rc3 a5 34. Kg3 axb4 35. axb4 Bxb4 36. Rc8+ Kg7 37. Kh3 Be1 38. Rf1 Ra3+ 39. g3 Bd2 40. Rf2 Be3 41. Rf3 Bc1 1/2-1/2

[Event "BrChQual"]
[Site "?"]
[Date "1976.??.??"]
[Round "?"]
[White "Cummings, David H"]
[Black "Brameld, Arthur F"]
[Result "0-1"]
[WhiteElo "2120"]
[BlackElo "2140"]
[PlyCount "124"]
[EventDate "1976.??.??"]
[EventType "simul"]
[EventRounds "9"]

1. e4 Nf6 2. e5 Nd5 3. d4 d6 4. c4 Nb6 5. exd6 cxd6 6. Be2 g6 7. Nc3 Bg7 8. Be3 O-O 9. Nf3 Bg4 10. b3 Nc6 11. Qd2 d5 12. c5 Nc8 13. Rc1 e6 14. h3 Bxf3 15. Bxf3 N8e7 16. Ne2 Qa5 17. Qxa5 Nxa5 18. Bd2 Nac6 19. Bc3 Nf5 20. Rd1 a5 21. g3 b6 22. O-O Rfb8 23. Bg4 Nfe7 24. Rd2 h5 25. Bf3 bxc5 26. dxc5 Bh6 27. Rc2 Rb5 28. Bf6 Nf5 29. g4 hxg4 30. hxg4 Bg7 31. Bxg7 Nxg7 32. Rfc1 Ne5 33. Rc3 Rc8 34. Kg2 Nxf3 35. Kxf3 e5 36. c6 Ne6 37. Rd1 d4 38. Rc4 Rc5 39. Rdc1 R8xc6 40. Ke4 f6 41. f4 Rxc4 42. bxc4 Nc5+ 43. Kd5 Nd3 44. Kxc6 Nxc1 45. fxe5 fxe5 46. Ng3 Nxa2 47. Kb5 Nc3+ 48. Kxa5 Kf7 49. Kb4 Ke6 50. Kb3 e4 51. Nf1 Kd6 52. Kc2 Kc5 53. Kb3 g5 54. Nd2 e3 55. Nf3 Ne4 56. Ne5 Nd2+ 57. Kc2 Nxc4 58. Nd3+ Kd5 59. Kd1 Ne5 60. Nc1 Nxg4 61. Ke2 Ne5 62. Nb3 g4 0-1

[Event "Ports Lge"]
[Site "?"]
[Date "1976.??.??"]
[Round "?"]
[White "Gibson, Dave"]
[Black "Brameld, Arthur F"]
[Result "0-1"]
[WhiteElo "1975"]
[BlackElo "2140"]
[PlyCount "60"]
[EventDate "1976.??.??"]
[EventType "simul"]
[EventRounds "10"]

1. e4 Nf6 2. e5 Nd5 3. c4 Nb6 4. d4 d6 5. exd6 cxd6 6. Nc3 g6 7. Be3 Bg7 8. Nf3 O-O 9. h3 Bf5 10. Be2 Nc6 11. Rc1 d5 12. c5 Nc4 13. Bxc4 dxc4 14. O-O Bd3 15. Re1 f5 16. Ne2 e5 17. dxe5 Nxe5 18. Nf4 Re8 19. Nxe5 Bxe5 20. b3 Bb2 21. Nxd3 cxd3 22. Rc4 Qd5 23. Qd2 Be5 24. Rd1 Rad8 25. f4 Bf6 26. Kf2 Re4 27. Rxe4 fxe4 28. Rc1 Bd4 29. Rc4 Bxe3+ 30. Kxe3 Re8 0-1

[Event "CivServ"]
[Site "?"]
[Date "1976.??.??"]
[Round "?"]
[White "Weir, P."]
[Black "Brameld, Arthur F"]
[Result "1/2-1/2"]
[WhiteElo "2230"]
[BlackElo "2140"]
[PlyCount "85"]
[EventDate "1976.??.??"]
[EventType "simul"]
[EventRounds "2"]

1. e4 Nf6 2. Nc3 e5 3. Bc4 Nxe4 4. Qh5 Nd6 5. Bb3 Nc6 6. Nb5 g6 7. Qf3 Nf5 8. Qd5 Nh6 9. d3 d6 10. Bxh6 Be6 11. Bg5 Bxd5 12. Bxd8 Bxg2 13. Bf6 Rg8 14. Nxc7+ Kd7 15. Nxa8 Bh6 16. f3 Be3 17. Ke2 Bc5 18. c3 Bxh1 19. Nh3 Bg2 20. Ng5 h6 21. Bxf7 Rxa8 22. Ne4 g5 23. Bh5 Bh3 24. Bg7 Ke6 25. Bxh6 Rh8 26. Nxg5+ Kf6 27. Nxh3 Rxh6 28. Bg4 Ne7 29. Kf1 Nd5 30. Kg2 Ne3+ 31. Kg3 Nf5+ 32. Bxf5 Kxf5 33. f4 Rg6+ 34. Kf3 Rh6 35. Kg3 Rg6+ 36. Kf3 Rh6 37. Kg2 Rg6+ 38. Kh1 Rh6 39. Ng1 Kxf4 40. Rf1+ Ke3 41. Rf3+ Kd2 42. Nh3 Be3 43. d4 1/2-1/2

[Event "BrChQual"]
[Site "?"]
[Date "1976.??.??"]
[Round "?"]
[White "Denman, Brian J"]
[Black "Brameld, Arthur F"]
[Result "0-1"]
[WhiteElo "2245"]
[BlackElo "2140"]
[PlyCount "120"]
[EventDate "1976.??.??"]
[EventType "simul"]
[EventRounds "9"]

1. e4 Nf6 2. e5 Nd5 3. d4 d6 4. c4 Nb6 5. exd6 cxd6 6. Nf3 g6 7. Be2 Bg7 8. O-O O-O 9. h3 Nc6 10. Nc3 Bf5 11. b3 d5 12. c5 Nd7 13. Bb2 Be4 14. Na4 e5 15. dxe5 Qe7 16. Qd2 Ndxe5 17. Nxe5 Bxe5 18. Rfe1 Bxb2 19. Qxb2 Qg5 20. f3 Bf5 21. Qc1 Qg3 22. Qd2 Bxh3 23. Bf1 d4 24. Qf2 Qxf2+ 25. Kxf2 Bf5 26. Bc4 Rfe8 27. Nb2 Nb4 28. Rxe8+ Rxe8 29. Rd1 Nc6 30. Bb5 Re5 31. Bxc6 Rxc5 32. Bxb7 Rc2+ 33. Kg3 Rxb2 34. Rxd4 Rxa2 35. Rd8+ Kg7 36. Bc6 Be6 37. b4 g5 38. b5 h5 39. f4 h4+ 40. Kf3 g4+ 41. Ke3 g3 42. Rd1 h3 43. gxh3 Bxh3 44. Rg1 Ra3+ 45. Ke2 Bg4+ 46. Kd2 Kg6 47. Rb1 Bf5 48. Rb2 Kh5 49. Ke2 Kg4 50. Rb4 Ra2+ 51. Kf1 Rf2+ 52. Kg1 Rxf4 53. Rb2 Kh4 54. Ra2 Bh3 55. Ra1 Rb4 56. Be8 f5 57. Bd7 f4 58. Bc6 Rb3 59. Kh1 f3 60. Be4 Re3 0-1

[Event "Ports Lge"]
[Site "?"]
[Date "1976.??.??"]
[Round "?"]
[White "Brameld, Arthur F"]
[Black "Yeeles, William"]
[Result "1-0"]
[WhiteElo "2140"]
[BlackElo "1925"]
[PlyCount "61"]
[EventDate "1976.??.??"]
[EventType "simul"]
[EventRounds "10"]

1. e4 e5 2. Nc3 Nf6 3. f4 d5 4. fxe5 Nxe4 5. d3 Qh4+ 6. g3 Nxg3 7. Nf3 Qh5 8. Nxd5 Nxh1 9. Nxc7+ Kd8 10. Nxa8 Bg4 11. Bg2 Nc6 12. d4 Bxf3 13. Qxf3 Qxf3 14. Bxf3 Nxd4 15. Bg5+ Be7 16. Rd1 Bxg5 17. Rxd4+ Ke7 18. Nc7 Rd8 19. Nd5+ Ke6 20. Bxh1 Kxe5 21. c3 f5 22. h4 Bh6 23. Ke2 g5 24. hxg5 Bxg5 25. Bf3 h5 26. Ne3 Rxd4 27. cxd4+ Kxd4 28. Nxf5+ Kc4 29. Ne3+ Kd4 30. Nd1 h4 31. Bxb7 1-0

[Event "FareCh"]
[Site "?"]
[Date "1976.??.??"]
[Round "?"]
[White "Brameld, Arthur F"]
[Black "Coates, David"]
[Result "1-0"]
[WhiteElo "2140"]
[BlackElo "1605"]
[PlyCount "55"]
[EventDate "1976.??.??"]
[EventType "swiss"]

1. e4 c5 2. c3 Nf6 3. e5 Nd5 4. d4 cxd4 5. cxd4 Nc6 6. Nc3 Qa5 7. Nf3 Nxc3 8. bxc3 Qxc3+ 9. Bd2 Qb2 10. Bc4 Nxd4 11. O-O Nxf3+ 12. Qxf3 e6 13. Bc3 Qb6 14. Rab1 Qc7 15. Qe4 g6 16. Rfd1 Qc6 17. Qf4 Bg7 18. Bb4 b5 19. Qh4 Bf8 20. Bxf8 Kxf8 21. Qd8+ Kg7 22. Qf6+ Kg8 23. Bxb5 Qc2 24. Bd3 Qxa2 25. Be4 d5 26. exd6 Bb7 27. Rxb7 Qe2 28. Qxf7# 1-0

[Event "CivServ"]
[Site "?"]
[Date "1976.??.??"]
[Round "?"]
[White "Brameld, Arthur F"]
[Black "Marshall, A."]
[Result "1-0"]
[WhiteElo "2140"]
[BlackElo "2120"]
[PlyCount "49"]
[EventDate "1976.??.??"]
[EventType "simul"]
[EventRounds "2"]

1. e4 c5 2. Nf3 d6 3. d4 cxd4 4. Qxd4 Nc6 5. Bb5 Bd7 6. Bxc6 Bxc6 7. Nc3 Nf6 8. Bg5 e5 9. Qd3 h6 10. Bh4 Be7 11. O-O-O g5 12. Bg3 Qa5 13. h4 g4 14. Nd2 b5 15. f4 gxf3 16. Rhf1 fxg2 17. Rxf6 Bxf6 18. Qxd6 Qb6 19. Qxf6 g1=Q 20. Qxe5+ Kd7 21. Qf5+ Kd8 22. Nf1+ Bd5 23. Nxd5 Qbd4 24. Rxd4 Qxd4 25. Be5 1-0

[Event "BrChQual"]
[Site "?"]
[Date "1976.??.??"]
[Round "?"]
[White "Brameld, Arthur F"]
[Black "Rudgeley, Ian"]
[Result "1-0"]
[WhiteElo "2140"]
[BlackElo "2860"]
[PlyCount "23"]
[EventDate "1976.??.??"]
[EventType "simul"]
[EventRounds "9"]

1. d4 g6 2. e4 Bg7 3. Nc3 c6 4. Bc4 d6 5. Nf3 Nd7 6. O-O b5 7. Bb3 a5 8. Re1 Nb6 9. a4 b4 10. Ne2 c5 11. dxc5 dxc5 12. Bxf7+ 1-0

[Event "Blindfold Friendly"]
[Site "?"]
[Date "1977.??.??"]
[Round "?"]
[White "Brameld, Arthur F"]
[Black "Pratten, Wilf"]
[Result "1-0"]
[WhiteElo "2140"]
[BlackElo "1920"]
[PlyCount "35"]
[EventDate "1977.??.??"]
[EventType "game"]

1. c4 d5 2. cxd5 Nf6 3. d4 Nxd5 4. e4 Nf6 5. Nc3 e6 6. Nf3 c5 7. d5 exd5 8. e5 d4 9. exf6 dxc3 10. Qxd8+ Kxd8 11. Bg5 g6 12. O-O-O+ Bd7 13. bxc3 h6 14. Ne5 hxg5 15. Nxf7+ Ke8 16. Nxh8 Ba4 17. Re1+ Kd8 18. Nxg6 1-0

[Event "FareCh"]
[Site "?"]
[Date "1977.??.??"]
[Round "?"]
[White "Grant, Jack"]
[Black "Brameld, Arthur F"]
[Result "0-1"]
[WhiteElo "1700"]
[BlackElo "2140"]
[PlyCount "80"]
[EventDate "1977.??.??"]
[EventType "simul"]
[EventRounds "6"]

1. e4 Nf6 2. e5 Nd5 3. c4 Nb6 4. d4 d6 5. Nf3 g6 6. exd6 cxd6 7. Be2 Bg7 8. O-O O-O 9. Be3 Nc6 10. Nc3 Bg4 11. b3 d5 12. c5 Nc8 13. Qd2 Bxf3 14. Bxf3 e6 15. Rfd1 N8e7 16. Ne2 b6 17. Rac1 bxc5 18. Rxc5 Qb6 19. g4 Rac8 20. Rdc1 Qb4 21. Qxb4 Nxb4 22. Rxc8 Rxc8 23. Rxc8+ Nxc8 24. a3 Nc2 25. a4 Ne7 26. Nc3 Bxd4 27. Bxd4 Nxd4 28. Bd1 Nec6 29. Na2 a5 30. Nc3 Kf8 31. Nb5 Ke7 32. Kf1 Nxb5 33. axb5 Nd4 34. b6 Kd6 35. Ke1 Kc6 36. b7 Kxb7 37. Kd2 Kc6 38. Kc3 Kc5 39. f4 Nb5+ 40. Kb2 Kb4 0-1

[Event "Ports Lge"]
[Site "?"]
[Date "1977.??.??"]
[Round "?"]
[White "Charvill, John"]
[Black "Brameld, Arthur F"]
[Result "0-1"]
[WhiteElo "1860"]
[BlackElo "2140"]
[PlyCount "60"]
[EventDate "1977.??.??"]
[EventType "swiss"]

1. e4 Nf6 2. e5 Nd5 3. Bc4 Nb6 4. Bb3 c5 5. d3 Nc6 6. Nf3 d5 7. exd6 exd6 8. Ng5 d5 9. c3 Qe7+ 10. Qe2 Bf5 11. Qxe7+ Bxe7 12. d4 cxd4 13. Nf3 Bxb1 14. Rxb1 dxc3 15. bxc3 Bf6 16. Bd2 O-O 17. O-O Rac8 18. Rfc1 Na5 19. Nd4 Nac4 20. Bxc4 Rxc4 21. Nb5 Ra4 22. Nd6 Rxa2 23. Be3 Na4 24. Bd4 Bxd4 25. cxd4 b6 26. Rc7 Nb2 27. Nb5 Nc4 28. Rd7 Na3 29. Nxa3 Rxa3 30. Rxd5 g6 0-1

[Event "BrChQual"]
[Site "?"]
[Date "1977.??.??"]
[Round "?"]
[White "Prizant, M."]
[Black "Brameld, Arthur F"]
[Result "1-0"]
[WhiteElo "2150"]
[BlackElo "2140"]
[PlyCount "93"]
[EventDate "1977.??.??"]
[EventType "simul"]
[EventRounds "11"]

1. e4 Nf6 2. e5 Nd5 3. c4 Nb6 4. c5 Nd5 5. Bc4 c6 6. Nc3 d6 7. Nxd5 cxd5 8. Bxd5 e6 9. Be4 dxe5 10. Nf3 Qc7 11. O-O Bxc5 12. b4 Bd4 13. Nxd4 exd4 14. Bb2 Qd6 15. Qb3 Nd7 16. Ba3 Rb8 17. b5 Nc5 18. Bxc5 Qxc5 19. Qg3 e5 20. Qxg7 Rf8 21. Rfc1 Qe7 22. Qxh7 f5 23. Qh5+ Qf7 24. Qxf7+ Rxf7 25. Bd5 Re7 26. Rc2 Bd7 27. a4 Be6 28. Bxe6 Rxe6 29. Rc7 a6 30. h4 e4 31. Rh7 Kd8 32. Rc1 Re7 33. Rh8+ Re8 34. Rxe8+ Kxe8 35. Rc5 Ke7 36. Rxf5 axb5 37. Rxb5 Kd6 38. a5 Rc8 39. Rxb7 Rc2 40. h5 Rxd2 41. h6 e3 42. fxe3 dxe3 43. Rb1 e2 44. Kf2 e1=Q+ 45. Kxe1 Rxg2 46. Rb8 Rh2 47. a6 1-0

[Event "Ports Lge"]
[Site "?"]
[Date "1977.??.??"]
[Round "?"]
[White "Brameld, Arthur F"]
[Black "Gibson, Dave"]
[Result "1-0"]
[WhiteElo "2140"]
[BlackElo "1975"]
[PlyCount "105"]
[EventDate "1977.??.??"]
[EventType "swiss"]

1. d4 Nf6 2. Bg5 Ne4 3. Bh4 d5 4. f3 Nd6 5. Nc3 c6 6. e4 Qa5 7. e5 Nf5 8. Bf2 e6 9. Bd3 Bb4 10. Nge2 O-O 11. g4 Ne7 12. Bh4 Ng6 13. Bxg6 hxg6 14. O-O c5 15. a3 Bxc3 16. bxc3 Nc6 17. a4 b6 18. Be1 Qa6 19. f4 Qc4 20. Rf3 Bd7 21. Qd3 Qxd3 22. cxd3 cxd4 23. cxd4 Rfc8 24. Rf2 Ne7 25. Bb4 Nc6 26. Be1 Nd8 27. Nc3 Rab8 28. Nb5 a6 29. Nd6 Rc6 30. Rb2 Nb7 31. Nxb7 Rxb7 32. a5 b5 33. Bb4 Rbc7 34. Bc5 Rc8 35. h4 Kh7 36. Kf2 Rh8 37. Ke3 Kg8 38. Rh1 f6 39. h5 gxh5 40. exf6 gxf6 41. gxh5 e5 42. Rg2+ Kf7 43. h6 Bf5 44. Rg7+ Ke8 45. h7 Be6 46. Rhg1 exf4+ 47. Kxf4 Bf7 48. Rg8+ Bxg8 49. Rxg8+ Kf7 50. Rxh8 Kg7 51. Rd8 Kxh7 52. Rxd5 Kg6 53. Rd6 1-0

[Event "CivServ"]
[Site "?"]
[Date "1977.??.??"]
[Round "?"]
[White "Brameld, Arthur F"]
[Black "Roberts, M."]
[Result "1-0"]
[WhiteElo "2140"]
[BlackElo "2040"]
[PlyCount "72"]
[EventDate "1977.??.??"]
[EventType "simul"]
[EventRounds "3"]

1. e4 g6 2. d4 Bg7 3. Nc3 d6 4. f4 Nf6 5. Bd3 O-O 6. Nf3 Nc6 7. O-O Bg4 8. Be3 e5 9. dxe5 dxe5 10. Qe1 Bxf3 11. Rxf3 Nd4 12. Rf1 exf4 13. Bxf4 c6 14. Kh1 Qe7 15. Qh4 Nd5 16. Bg5 f6 17. Nxd5 cxd5 18. Be3 Nc6 19. exd5 Ne5 20. Rad1 Qd7 21. Bh6 Qxd5 22. Be4 Qb5 23. c4 Qb6 24. Bd5+ Kh8 25. Bxg7+ Kxg7 26. b3 Rab8 27. Rd2 Qc5 28. Rdf2 Qe7 29. Re2 b6 30. Rfe1 Qd6 31. Re3 Rbe8 32. Rh3 h5 33. Rhe3 Qd7 34. Qe4 Qd6 35. Qf4 Re7 36. Qg3 Kh7 1-0

[Event "FareCh"]
[Site "?"]
[Date "1977.??.??"]
[Round "?"]
[White "Brameld, Arthur F"]
[Black "Pratten, Wilf"]
[Result "1/2-1/2"]
[WhiteElo "2140"]
[BlackElo "1920"]
[PlyCount "42"]
[EventDate "1977.??.??"]
[EventType "simul"]
[EventRounds "6"]

1. e4 e5 2. Nf3 Nc6 3. Bb5 g6 4. c3 Bg7 5. d4 Qe7 6. O-O f6 7. Re1 a6 8. Ba4 Nh6 9. Nbd2 Nf7 10. Nf1 O-O 11. Ne3 d6 12. Nd5 Qd8 13. h3 Ne7 14. dxe5 dxe5 15. Bb3 Nxd5 16. Bxd5 Qe7 17. Be3 Rd8 18. Bc5 Qe8 19. Qb3 c6 20. Bxf7+ Qxf7 21. Qxf7+ Kxf7 1/2-1/2

[Event "Ports Lge"]
[Site "?"]
[Date "1977.??.??"]
[Round "?"]
[White "Lambert, Glen"]
[Black "Brameld, Arthur F"]
[Result "1/2-1/2"]
[WhiteElo "2240"]
[BlackElo "2140"]
[PlyCount "57"]
[EventDate "1977.??.??"]
[EventType "swiss"]

1. d4 f5 2. e4 fxe4 3. Nc3 Nf6 4. Bg5 c6 5. f3 e3 6. Bxe3 e6 7. Bd3 Bb4 8. a3 Bxc3+ 9. bxc3 b6 10. Nh3 Ba6 11. c4 c5 12. dxc5 bxc5 13. Bxc5 Qa5+ 14. Bb4 Qe5+ 15. Kd2 Nc6 16. Re1 Qxh2 17. Qe2 Nxb4 18. axb4 Qd6 19. b5 Bb7 20. Qe3 a6 21. c5 Qg3 22. c6 Bc8 23. b6 Nd5 24. Qe2 Nxb6 25. cxd7+ Bxd7 26. Rxa6 Rxa6 27. Bxa6 Qd6+ 28. Qd3 Qb4+ 29. Qc3 1/2-1/2

[Event "CivServ"]
[Site "?"]
[Date "1977.??.??"]
[Round "?"]
[White "May, A."]
[Black "Brameld, Arthur F"]
[Result "1-0"]
[WhiteElo "2135"]
[BlackElo "2140"]
[PlyCount "67"]
[EventDate "1977.??.??"]
[EventType "simul"]
[EventRounds "3"]

1. d4 f5 2. Bg5 g6 3. h4 h6 4. Bf4 Bg7 5. g4 d6 6. Bg2 e5 7. dxe5 Bxe5 8. Bxe5 dxe5 9. Qxd8+ Kxd8 10. gxf5 gxf5 11. Nf3 Nc6 12. Nc3 Be6 13. O-O-O+ Ke7 14. Nd5+ Bxd5 15. Rxd5 Nf6 16. Rb5 e4 17. Ne5 Nd4 18. Ng6+ Kf7 19. Nxh8+ Rxh8 20. Rxb7 Nxe2+ 21. Kd2 Nf4 22. Bh3 Rd8+ 23. Ke1 Ke6 24. Rxa7 N6d5 25. Ra6+ Ke7 26. a3 e3 27. Bf1 e2 28. Bxe2 Ng2+ 29. Kf1 Ndf4 30. Rg1 Rd2 31. Rxg2 Rxc2 32. Rg7+ Kf8 33. Rd7 Ke8 34. Rd4 1-0

[Event "BrChQual"]
[Site "?"]
[Date "1977.??.??"]
[Round "?"]
[White "Brameld, Arthur F"]
[Black "Watson, Ian R"]
[Result "0-1"]
[WhiteElo "2140"]
[BlackElo "2165"]
[PlyCount "64"]
[EventDate "1977.??.??"]
[EventType "simul"]
[EventRounds "11"]

1. e4 Nc6 2. d4 e5 3. dxe5 Nxe5 4. f4 Ng6 5. Nf3 Bb4+ 6. c3 Bc5 7. f5 N6e7 8. c4 Nf6 9. Nc3 d6 10. Bg5 Ng4 11. Nd4 Bxd4 12. Qxd4 Nxf5 13. Qd2 Ne7 14. O-O-O O-O 15. c5 f6 16. Bc4+ Kh8 17. Bf4 Ng6 18. cxd6 Nxf4 19. Qxf4 Ne5 20. Bb3 c5 21. h3 c4 22. Bc2 b5 23. Rd5 b4 24. Ne2 Be6 25. Rxe5 fxe5 26. Qxe5 b3 27. axb3 cxb3 28. Qxe6 Qg5+ 29. Kb1 bxc2+ 30. Kxc2 Qxg2 31. Re1 Rfe8 32. Qd5 Qxe4+ 0-1

[Event "SRCSSC"]
[Site "?"]
[Date "1977.??.??"]
[Round "?"]
[White "Blackman, David J"]
[Black "Brameld, Arthur F"]
[Result "1/2-1/2"]
[WhiteElo "1720"]
[BlackElo "2140"]
[PlyCount "51"]
[EventDate "1977.??.??"]
[EventType "game"]

1. Nf3 g6 2. c4 Bg7 3. Nc3 e5 4. g3 Nc6 5. Bg2 d6 6. O-O Be6 7. d3 h6 8. e4 Qd7 9. Nd5 Nge7 10. Bd2 O-O 11. Rc1 Bg4 12. Qa4 f5 13. Nh4 Kh7 14. h3 Be2 15. Rfe1 Bxd3 16. Nxe7 Qxe7 17. exf5 Bxf5 18. Nxf5 gxf5 19. Bxc6 bxc6 20. Qxc6 Rab8 21. b3 Rb6 22. Qf3 Ra6 23. Rc2 e4 24. Qh5 Qf7 25. Qxf7 Rxf7 26. Bf4 1/2-1/2

[Event "Ports Lge"]
[Site "?"]
[Date "1977.??.??"]
[Round "?"]
[White "Gregory, Keith DF"]
[Black "Brameld, Arthur F"]
[Result "1/2-1/2"]
[WhiteElo "2030"]
[BlackElo "2140"]
[PlyCount "48"]
[EventDate "1977.??.??"]
[EventType "swiss"]

1. d4 Nf6 2. Bg5 Ne4 3. Bf4 c5 4. f3 Nf6 5. d5 d6 6. e4 e5 7. Be3 Be7 8. Bd3 O-O 9. Ne2 Ne8 10. O-O Nd7 11. a4 g6 12. Na3 a6 13. f4 exf4 14. Bxf4 Bg5 15. Nc4 Bxf4 16. Nxf4 Ne5 17. a5 Nxc4 18. Bxc4 Nf6 19. Qf3 Ng4 20. Qc3 Qe7 21. Rae1 Qe5 22. Qxe5 Nxe5 23. Be2 Bd7 24. b3 Rae8 1/2-1/2

[Event "IntLge"]
[Site "?"]
[Date "1977.??.??"]
[Round "?"]
[White "Beer, D."]
[Black "Brameld, Arthur F"]
[Result "1/2-1/2"]
[WhiteElo "1880"]
[BlackElo "2140"]
[PlyCount "44"]
[EventDate "1977.??.??"]
[EventType "game"]

1. e4 Nf6 2. e5 Nd5 3. d4 d6 4. Nf3 g6 5. Bc4 Nb6 6. Bb3 Bg7 7. Ng5 d5 8. f4 O-O 9. O-O f6 10. Nf3 Nc6 11. c3 Be6 12. Nbd2 Qd7 13. Rf2 Rf7 14. Nf1 Raf8 15. h3 Nc4 16. Bxc4 dxc4 17. Ne3 Bd5 18. Nxd5 Qxd5 19. Be3 e6 20. Qe2 Rd7 21. Re1 f5 22. Nd2 b5 1/2-1/2

[Event "BrChQual"]
[Site "?"]
[Date "1977.??.??"]
[Round "?"]
[White "Brameld, Arthur F"]
[Black "Lewis, A."]
[Result "1-0"]
[WhiteElo "2140"]
[BlackElo "2120"]
[PlyCount "81"]
[EventDate "1977.??.??"]
[EventType "simul"]
[EventRounds "11"]

1. e4 e5 2. Nf3 Nc6 3. d4 exd4 4. c3 dxc3 5. Bc4 Nf6 6. Nxc3 Bb4 7. e5 d5 8. exf6 dxc4 9. Qxd8+ Nxd8 10. fxg7 Rg8 11. Bh6 Ne6 12. O-O-O Bxc3 13. bxc3 Nxg7 14. Nd4 Ne6 15. Nf5 Rxg2 16. Rhe1 Rxf2 17. Ng7+ Ke7 18. Be3 Rf3 19. Bc5+ Kf6 20. Ne8+ Kg6 21. Rg1+ Kh6 22. Be7 Rxc3+ 23. Kb1 Rf3 24. Nf6 Rxf6 25. Bxf6 Nf8 26. Bg7+ Kh5 27. Rd5+ f5 28. Bxf8 Be6 29. Re5 Rxf8 30. Rxe6 Rf7 31. Re3 Kh4 32. Rf3 f4 33. h3 h5 34. a4 a6 35. Rg6 b6 36. Rc6 Kg5 37. Rxc4 a5 38. Kc2 c5 39. Re4 Rf6 40. Kc3 h4 41. Kc4 1-0

[Event "FareCh"]
[Site "?"]
[Date "1977.??.??"]
[Round "?"]
[White "Tadevossian, Harry"]
[Black "Brameld, Arthur F"]
[Result "0-1"]
[WhiteElo "1725"]
[BlackElo "2140"]
[PlyCount "50"]
[EventDate "1977.??.??"]
[EventType "simul"]
[EventRounds "6"]

1. e4 Nf6 2. e5 Nd5 3. Bc4 Nb6 4. Bb3 c5 5. Na3 Nc6 6. Nf3 d5 7. exd6 exd6 8. d4 Bg4 9. dxc5 dxc5 10. Bxf7+ Kxf7 11. Ng5+ Qxg5 12. Bxg5 Re8+ 13. Be3 Bxd1 14. Rxd1 Be7 15. c3 Rd8 16. O-O Rxd1 17. Rxd1 Rd8 18. Re1 Ne5 19. b3 Nd5 20. Nb1 Nxe3 21. fxe3 Rd3 22. h3 Bh4 23. Rf1+ Ke6 24. e4 Bg3 25. c4 Nc6 0-1

[Event "BrChQual"]
[Site "?"]
[Date "1977.??.??"]
[Round "?"]
[White "Brameld, Arthur F"]
[Black "Parr, Frank"]
[Result "0-1"]
[WhiteElo "2140"]
[BlackElo "2180"]
[PlyCount "112"]
[EventDate "1977.??.??"]
[EventType "simul"]
[EventRounds "11"]

1. e4 g6 2. d4 Bg7 3. Nc3 d6 4. f4 c6 5. Bd3 Bxd4 6. Nf3 Bg7 7. Bc4 e6 8. Be3 Nf6 9. O-O O-O 10. h3 d5 11. Bb3 dxe4 12. Ng5 Nd5 13. Bc5 f5 14. Nxd5 cxd5 15. c4 d4 16. Bxf8 Qxf8 17. c5 Qf6 18. Qe1 Nc6 19. Nxe4 fxe4 20. Qxe4 Qf5 21. Rae1 Qxe4 22. Rxe4 Kf8 23. g4 Bd7 24. Bxe6 Bxe6 25. Rxe6 Kf7 26. Rd6 Rd8 27. Rxd8 Nxd8 28. b4 Ke6 29. Re1+ Kd7 30. Kf2 Ne6 31. Kf3 Bh6 32. Re4 Bg7 33. Re1 g5 34. f5 Nf4 35. h4 h6 36. hxg5 hxg5 37. Rh1 Ke7 38. Re1+ Kf7 39. Rb1 d3 40. b5 Ke7 41. Ke3 Bc3 42. Rh1 d2 43. a4 Kf6 44. Rh6+ Ke5 45. Rh1 Bb4 46. c6 bxc6 47. bxc6 Ba5 48. c7 Nd5+ 49. Ke2 Nxc7 50. Rh6 Nd5 51. Ra6 Bb6 52. a5 Be3 53. Rc6 Nf4+ 54. Kd1 Nd3 55. Ke2 Nb2 56. Kxe3 d1=Q 0-1

[Event "BrChQual"]
[Site "?"]
[Date "1977.??.??"]
[Round "?"]
[White "Bennett, J."]
[Black "Brameld, Arthur F"]
[Result "0-1"]
[WhiteElo "2000"]
[BlackElo "2140"]
[PlyCount "80"]
[EventDate "1977.??.??"]
[EventType "simul"]
[EventRounds "11"]

1. d4 d5 2. Nf3 Nc6 3. g3 Bf5 4. Bg2 e6 5. O-O Nf6 6. c4 Be7 7. Ne5 O-O 8. cxd5 exd5 9. Nxc6 bxc6 10. Nc3 Qd7 11. Bg5 Rab8 12. b3 Qe6 13. Bxf6 Qxf6 14. Na4 Rb4 15. e3 Qg6 16. Qd2 Rfb8 17. Rfc1 R4b5 18. Bf1 Bb4 19. Qb2 Ra5 20. a3 Bd6 21. Qd2 Rab5 22. Bxb5 cxb5 23. Nc3 b4 24. Nxd5 Be4 25. Nxb4 Qg4 26. Qd1 Bf3 27. Qf1 Be4 28. f4 g5 29. Qf2 gxf4 30. exf4 a5 31. Na2 Bxa3 32. Rxc7 Rxb3 33. Rc3 Rb2 34. Qf1 Rg2+ 35. Qxg2 Bxg2 36. Kxg2 Bb2 37. Rac1 Qe2+ 38. Kh3 Qh5+ 39. Kg2 Qe2+ 40. Kh3 Qe6+ 0-1

[Event "BrChQual"]
[Site "?"]
[Date "1977.??.??"]
[Round "?"]
[White "Shallcross, D."]
[Black "Brameld, Arthur F"]
[Result "1-0"]
[WhiteElo "2125"]
[BlackElo "2140"]
[PlyCount "99"]
[EventDate "1977.??.??"]
[EventType "simul"]
[EventRounds "11"]

1. d4 Nf6 2. Nf3 b5 3. Bf4 Bb7 4. e3 a6 5. h3 e6 6. Nbd2 c5 7. dxc5 Bxc5 8. Bd3 d5 9. O-O Nbd7 10. Re1 Ne4 11. Nb3 Be7 12. c3 Ndc5 13. Nxc5 Nxc5 14. Bc2 O-O 15. Qe2 Bf6 16. Rad1 Qb6 17. Ne5 Rad8 18. Qh5 g6 19. Qg4 Bg7 20. Qg3 f5 21. h4 Nd7 22. Nf3 Rde8 23. Bc7 f4 24. Bxb6 fxg3 25. Ba5 gxf2+ 26. Kxf2 Ne5 27. Ke2 Nc6 28. Bb6 Rc8 29. Nd4 Nxd4+ 30. exd4 Rf6 31. Bc5 Bf8 32. b4 Bxc5 33. bxc5 Rcf8 34. Rf1 Rxf1 35. Rxf1 Rxf1 36. Kxf1 Bc6 37. g4 a5 38. a3 Kg7 39. Kf2 h6 40. g5 hxg5 41. hxg5 Kf7 42. Ke3 e5 43. dxe5 Be8 44. Kd4 Ke6 45. Bd3 a4 46. Bb1 Bf7 47. Ba2 Kf5 48. Bxd5 Be8 49. c6 Kxg5 50. c7 1-0

[Event "Ports Lge"]
[Site "?"]
[Date "1977.??.??"]
[Round "?"]
[White "Brameld, Arthur F"]
[Black "Wheeler, John F"]
[Result "1-0"]
[WhiteElo "2140"]
[BlackElo "2125"]
[PlyCount "51"]
[EventDate "1977.??.??"]
[EventType "swiss"]

1. e4 g6 2. d4 Bg7 3. Nc3 d6 4. f4 Nf6 5. Bd3 O-O 6. Nf3 Bg4 7. h3 Bxf3 8. Qxf3 Nc6 9. Be3 e5 10. dxe5 dxe5 11. f5 Nd4 12. Qf2 c6 13. g4 Nd7 14. O-O-O b5 15. g5 f6 16. h4 Nc5 17. h5 fxg5 18. hxg6 hxg6 19. Qh2 gxf5 20. exf5 Rf7 21. Ne4 Nxe4 22. Bxe4 Qe7 23. Rdg1 Bf6 24. Rxg5+ Rg7 25. Qh8+ Kf7 26. Rxg7+ 1-0